Gemeinden am Neusiedler See auf einer Karte - Statistiken

Allgemein
  • Dieses Quiz wurde 64 mal gespielt
  • Das Durchschnittsergebnis liegt bei 9 aus 19
Antworten auf der Karte
Die Antworten werden auf der Karte rot bzw. grün angezeigt, abhängig davon wie oft sie richtig erraten wurden.
 
Antwortstatistiken
Bezirk / Kreis Einwohner Gemeinde % Korrekt
Neusiedl am See 2.377 Illmitz
83%
Neusiedl am See 8.643 Neusiedl am See
83%
Rust 2.000 Rust
83%
Neusiedl am See 2.128 Podersdorf am See
78%
Eisenstadt-Umgebung 2.228 Mörbisch am See
73%
Sopron 60.528 Sopron/Ödenburg
70%
Neusiedl am See 1.624 Jois
60%
Neusiedl am See 2.527 Weiden am See
58%
Neusiedl am See 1.357 Winden am See
53%
Neusiedl am See 1.746 Apetlon
48%
Eisenstadt-Umgebung 1.883 Breitenbrunn
48%
Eisenstadt-Umgebung 1.841 Donnerskirchen
45%
Eisenstadt-Umgebung 2.899 Purbach am Neusiedler See
45%
Eisenstadt-Umgebung 1.738 Oggau am Neusiedler See
43%
Sopron 1.513 Hegykő
15%
Sopron 361 Hidegség
15%
Sopron 617 Fertőhomok/Amhagen
13%
Sopron 1.261 Fertőszéplak/Schlippach am See
13%
Sopron 1.056 Sarród/Schrollen
10%
Keine übereinstimmenden Quizze gefunden
Verteilung der Resultate
Anzahl Personen mit jedem Resultat
Perzentil nach korrekt beantworteten Fragen
Ihre Resultats-Entwicklung
Sie haben dieses Quiz noch nicht gespielt